[Event "COL-ch U2000"]
[Site "Pereira"]
[Date "2022.02.18"]
[Round "5"]
[White "Forero, Edwin Johann"]
[Black "Lopez Romero, Karol Bibiana"]
[Result "1-0"]
[WhiteElo "1923"]
[BlackElo "1857"]
[PlyCount "39"]
[EventDate "2022.02.16"]
[EventType "swiss"]
[EventRounds "9"]
[EventCountry "COL"]
[SourceTitle "CBM 207 Extra"]
[Source "ChessBase"]
[SourceDate "2022.05.31"]
[SourceVersion "1"]
[SourceVersionDate "2022.05.31"]
[SourceQuality "1"]

1. e4 e5 2. Nf3 Nc6 3. d4 exd4 4. Bc4 Nf6 5. e5 Bb4+ 6. c3 Qe7 7. 0-0 dxc3 8. bxc3 Nxe5 9. Nxe5 Qxe5 10. Re1 Ne4 11. Qd5 Qxd5 12. Bxd5 0-0 13. cxb4 Nf6 14. Bf3 h6 15. Bb2 Re8 16. Nd2 d6 17. Bxf6 Rxe1+ 18. Rxe1 gxf6 19. Re8+ Kg7 20. Bg4 1-0